000 00413pab a2200169 454500
008 180718b2001 xxu||||| |||| 00| 0 eng d
100 _aNarayan, M.K.
245 _aSmall steps, a giant leap
260 _c2001
300 _ap.12
362 _a16 Jul
650 _aAgra summit
650 _aIndia - Foreign relations - Pakistan
650 _aInternational relations
773 _aAsian Age
909 _a50500
999 _c50500
_d50500